Entry Personal Name
Number of records used in: 1
001 - CONTROL NUMBER
003 - CONTROL NUMBER IDENTIFIER
005 - DATE AND TIME OF LATEST TRANSACTION
- control field:
20200129113612.0
008 - FIXED-LENGTH DATA ELEMENTS
- fixed length control field:
950719n| acannaab| |n aaa |||
010 ## - LIBRARY OF CONGRESS CONTROL NUMBER
- LC control number:
n 95071032
040 ## - CATALOGING SOURCE
- Original cataloging agency:
DLC
- Transcribing agency:
DLC
- Modifying agency:
DLC
100 10 - HEADING--PERSONAL NAME
- Personal name:
Hanna, Michael E.
670 ## - SOURCE DATA FOUND
- Source citation:
Introduction to management science, 1995:
- Information found:
CIP t.p. (Michael Hanna) data sheet (Dr.) bk. t.p. (Michael E. Hanna; Univ. of Houston-Clear Lake)